INFORME FINAL DEL EJERCICIO PROFESIONAL SUPERVISADO, DISEÑO DE ALCANTARILLADO SANITARIO EN CASERÍO CONCEPCIÓN DE MARÍA Y DISEÑO DE MEJORAMIENTO Y AMPLIACIÓN DE CAMINO RURAL EN CASERÍO NAXOMBAL, REALIZADO EN LA MUNICIPALIDAD DE SAN PABLO TAMAHÚ, ALTA VERAPAZ./ (Registro nro. 2056)
[ vista simple ]
| 000 -LEADER | |
|---|---|
| campo de control de longitud fija | 04643nam a22003377a 4500 |
| 001 - NÚMERO DE CONTROL | |
| campo de control | TIC 0032 |
| 003 - IDENTIFICADOR DE NÚMERO DE CONTROL | |
| campo de control | gtcocun |
| 005 - FECHA Y HORA DE LA ÚLTIMA TRANSACCIÓN | |
| campo de control | 20250922180838.0 |
| 006 - CÓDIGOS DE INFORMACIÓN DE LONGITUD FIJA--CARACTERÍSTICAS DEL MATERIAL ADICIONAL | |
| campo de control de longitud fija | a||||gr|||| 00| 0 |
| 007 - CAMPO FIJO DE DESCRIPCIÓN FÍSICA--INFORMACIÓN GENERAL | |
| campo de control de longitud fija | ta |
| 008 - DATOS DE LONGITUD FIJA--INFORMACIÓN GENERAL | |
| campo de control de longitud fija | 250922b2024 gt ||||| m||| 00| 0 eng d |
| 040 ## - FUENTE DE CATALOGACIÓN | |
| Centro catalogador/agencia de origen | gtcocun |
| Lengua de catalogación | SPA |
| Centro/agencia transcriptor | gtcocun |
| Normas de descripción | RDA |
| 041 ## - CÓDIGO DE IDIOMA | |
| Código de lengua del texto/banda sonora o título independiente | SPA TIC 0032 |
| 084 ## - OTRO NÚMERO DE CLASIFICACIÓN | |
| Número de control del registro de autoridad o número normalizado | TIC 0032 |
| 100 ## - ENTRADA PRINCIPAL--NOMBRE DE PERSONA | |
| Nombre de persona | González Cifuentes, Laura Roxana |
| Término indicativo de función/relación | Autor |
| 245 ## - MENCIÓN DEL TÍTULO | |
| Título | INFORME FINAL DEL EJERCICIO PROFESIONAL SUPERVISADO, DISEÑO DE ALCANTARILLADO SANITARIO EN CASERÍO CONCEPCIÓN DE MARÍA Y DISEÑO DE MEJORAMIENTO Y AMPLIACIÓN DE CAMINO RURAL EN CASERÍO NAXOMBAL, REALIZADO EN LA MUNICIPALIDAD DE SAN PABLO TAMAHÚ, ALTA VERAPAZ./ |
| Mención de responsabilidad, etc. | Laura Roxana González Cifuentes. |
| Medio | Impreso |
| 264 ## - PRODUCCIÓN, PUBLICACIÓN, DISTRIBUCIÓN, FABRICACIÓN Y COPYRIGHT | |
| Producción, publicación, distribución, fabricación y copyright | Cobán, Alta Verapaz: |
| Nombre del de productor, editor, distribuidor, fabricante | Universidad de San Carlos de Guatemala, Centro Universitario del Norte, Ingenieria Civil |
| 300 ## - DESCRIPCIÓN FÍSICA | |
| Extensión | 121 p.: |
| Otras características físicas | Ilustraciones, gráficas. |
| Dimensiones | 28 cm; |
| 300 ## - DESCRIPCIÓN FÍSICA | |
| Dimensiones | |
| 336 ## - TIPO DE CONTENIDO | |
| Fuente | rdacontenido |
| Término de tipo de contenido | Texto |
| Código de tipo de contenido | txt |
| 337 ## - TIPO DE MEDIO | |
| Fuente | rdamedio |
| Nombre/término del tipo de medio | Computadora |
| Código del tipo de medio | n |
| 338 ## - TIPO DE SOPORTE | |
| Fuente | rdasoporte |
| Nombre/término del tipo de soporte | Código en línea |
| Código del tipo de soporte | cr |
| 502 ## - NOTA DE TESIS | |
| identificador de la tesis | TIC 0032 |
| 502 ## - NOTA DE TESIS | |
| Nota de tesis | Tesis de grado |
| Tipo de título | Ingeniería Civil, |
| Nombre de la institución que otorga el título | Universidad de San Carlos de Guatemala, Centro Universitario del Norte, Ingeniería Civil |
| Año de obtención del título | 2024 |
| Identificador de la tesis | TIC 0032 |
| 520 14 - RESUMEN, ETC. | |
| Sumario, etc. | El Ejercicio Profesional Supervisado de Ingeniería Civil se realizó en la municipalidad de San Pablo Tamahú, municipio del departamento de Alta Verapaz; donde se trabajó en la<br/>planificación de proyectos de infraestructura.<br/><br/>Como primer paso se realizó un diagnóstico en el municipio para conocer las necesidades de la población, buscar las causas y efectos para poder proponer una solución desde el punto de vista de la disciplina de ingeniería civil. Para ello, fue necesario hacer un estudio del territorio y conocer el relieve, clima, vegetación, cuerpos de agua; y las actividades y<br/>costumbres de la población.<br/><br/>Luego de la presentación del diagnóstico, se trabajó en la planificación de dos proyectos. El primero fue un sistema de alcantarillado sanitario en el caserío Concepción de María y el segundo, fue la ampliación y mejoramiento del camino rural a caserío Naxombal.<br/><br/>Posteriormente se realizó un plan de trabajo donde se expusieron todas las actividades a desarrollar para la ejecución de los proyectos, así como el tiempo en que estas debían realizarse para culminar en el periodo establecido.<br/><br/>Para la fase de ejecución se realizaron distintas actividades. Para ambos proyectos, se realizó el levantamiento topográfico, la extracción de muestras de suelo, estudio de la población beneficiada, entre otras.<br/><br/>En el diseño de ambos proyectos, se utilizaron distintas normativas y reglamentos para garantizar el buen funcionamiento de estos. Para el sistema de alcantarillado sanitario, se utilizaron, principalmente, las especificaciones del Instituto de Fomento Municipal y la<br/>Unidad Ejecutora del Programa de Acueductos Rurales.<br/><br/>También se utilizaron algunas normativas de países como México. Se determinó el<br/>diámetro de las tuberías que conformaban los ramales del sistema y la profundidad a la que debían estar para cumplir con la pendiente necesaria para la evacuación del agua residual; la profundidad de los pozos de visita y la capacidad que debe tener la planta de tratamiento para el caudal generado.<br/><br/>Para el proyecto de ampliación y mejoramiento de camino rural, se utilizaron los lineamientos de las especificaciones de caminos rurales de la Dirección General de<br/>Caminos; también, como apoyo, se tomaron algunas referencias de manuales para diseño de carreteras de Colombia, Perú y Centroamérica. Debido a que el camino hacia la comunidad ya existe, se mejoraron las características geométricas de la carretera para cumplir con los requisitos que esta debe poseer para garantizar su buen funcionamiento y<br/>la seguridad de los usuarios. Se realizó el diseño del alineamiento horizontal y vertical, diseño de obras de drenaje longitudinal y transversal; y el mejoramiento del camino que<br/>consistió en el diseño de un pavimento rígido.<br/><br/>Por último, los proyectos se presentaron con su respectivo juego de planos, cronograma de ejecución y financiero, presupuesto y especificaciones generales y técnicas. |
| 650 14 - PUNTO DE ACCESO ADICIONAL DE MATERIA--TÉRMINO DE MATERIA | |
| Fuente del encabezamiento o término | LEMB |
| Término de materia o nombre geográfico como elemento de entrada | Tamahú, Alta Verapaz. |
| Subdivisión general | Ingeniería |
| -- | Proyecto |
| -- | Alcantarillado |
| -- | Mejoramiento |
| -- | Carretera |
| -- | Panificación |
| 700 ## - ENTRADA AGREGADA--NOMBRE PERSONAL | |
| Nombre de persona | Inga. Civil Sindry Yaneth Pacay Morales |
| Término indicativo de función/relación | Asesor |
| 856 ## - LOCALIZACIÓN Y ACCESO ELECTRÓNICOS | |
| Identificador Uniforme de Recurso | <a href="https://drive.google.com/file/d/1nuYip_wSLtDjq4q99fXvFO">https://drive.google.com/file/d/1nuYip_wSLtDjq4q99fXvFO</a> |
| Texto de enlace | |
| Nota pública | Un ejemplar en línea. |
| 942 ## - ELEMENTOS DE ENTRADA SECUNDARIOS (KOHA) | |
| Fuente de la clasificación o esquema de estantería | Clasificación Decimal Dewey |
| Tipo de ítem Koha | TESIS |
| Parte de la signatura que identifica el ejemplar (Parte del ítem) | TIC 0032 |
| Prefijo de la signatura | Clasificación |
| Suprimir en OPAC | No |
| -- | TIC_0032_000000000000000 |
| Estatus retirado | Estado de pérdida | Fuente de la clasificación o esquema de estantería | Estado de daño | No para préstamo | Colección | Biblioteca de origen | Biblioteca actual | Ubicación en estantería | Fecha de adquisición | Número de inventario | Total de préstamos | Signatura topográfica completa | Código de barras | Visto por última vez | Precio de reemplazo | Tipo de ítem Koha |
|---|---|---|---|---|---|---|---|---|---|---|---|---|---|---|---|---|
| Clasificación Decimal Dewey | tesis | BIBLIOTECA- CUNOR -JOSÉ LUIS GONZALES ROSALES | BIBLIOTECA- CUNOR -JOSÉ LUIS GONZALES ROSALES | Colección tesis | 16/09/2025 | TIC 0032 | TIC 0032 | TIC 0032 | 16/09/2025 | 16/09/2025 | TESIS |